01000cam a2200277 a 4500001000400000003001000004005001700014008004100031020001800072040002500090080002000115090002100135100003100156245009400187260003800281300002700319490006500346504002500411650002200436650002700458650002800485830006200513942001200575952012200587999001300709139BR-CuiBMT20231129134454.0230821s2023 mgba 000 0 por d a9786555183900 aBR-CuiBMTcBR-CuiBMT 22007a34:37.014 a34:37.014bS729d1 aSouza, Matheus Silveira de10aDireito, políticas públicas e educação profissional /cMatheus Silveira de Souza. aBelo Horizonte :bFórum,c2023. a192 p. :bil. ;c22 cm1 aColeção Fórum direito e políticas públicas ;vv. 4 aInclui bibliografia. aDireito público aPolíticas públicas aEducação e trabalho 0aColeção Fórum direito e políticas públicas ;v4 2udccLV 00102udc4070aBIBTCEMTbBIBTCEMTd2023-07-28l0o37.014 S729dpBIBTCEMT23080116r2023-08-21tEx. 1w2023-08-21yLV c139d139